00675nam a2200205 a 450000100060000000300090000600800410001502000320005604000280008808200160011610000390013224500640017125000120023526000350024730000250028249000650030750400280037265000350040065000340043524805CO-ViMGA141112s2004 ck r 000 u spa d a9789580228325 (Colección) aCO-ViMGAbspacCO-ViMGA04a591.68 Q84c1 aQuiroga Rodríguez, Gloria Yaneth10aCriaturas asombrosas / cGloria Yaneth Quiroga Rodríguez. a1a. ed. aBogotá : bVoluntad, c2009. a96 p. : il. ; 24 cm. aPlan lector Voluntad. Ciencia, tecnología y medio ambiente aBibliografía : p. 96.14aAnimales - Literatura juvenil 14aZoologia - Literatura juvenil